| 000 | 00900nam a22002657a 4500 | ||
|---|---|---|---|
| 003 | OSt | ||
| 005 | 20250108113646.0 | ||
| 008 | 250108b |||||||| |||| 00| 0 eng d | ||
| 020 | _a9781292458489 (paperback) | ||
| 040 |
_aNUST _beng _cNUST _dNUST _erda |
||
| 050 | _aHF5681 FRA | ||
| 100 |
_aFraser, Lyn M _eAuthor |
||
| 245 |
_aUnderstanding financial statements / _cLyn M. Fraser, Aileen Ormiston _hAuthor |
||
| 250 | _aTwelfth edition. | ||
| 260 |
_aBoston : _bPearson, _c2024. |
||
| 300 |
_a272 pages : _bIllustrations. _c24 cm. |
||
| 336 |
_2rdamedia _atext _btxt |
||
| 337 |
_2rdamedia _aunmediated _bn |
||
| 338 |
_2rdamedia _avolume _bnc |
||
| 504 | _aIncludes bibliographical references and index. | ||
| 650 | _vFinancial statements. | ||
| 650 | _vCorporation reports. | ||
| 700 |
_aOrmiston Aileen _eAuthor |
||
| 942 |
_2lcc _cBOOKS _eTwelfth edition. _hHF5681 FRA _kHF _mFRA _n0 |
||
| 999 |
_c171130 _d171130 |
||